Nutrition for health, fitness, & sport
Đã lưu trong:
| 主要作者: | |
|---|---|
| 格式: | Sách |
| 語言: | Undetermined |
| 出版: |
McGraw-Hill
2017
|
| 主題: | |
| 標簽: |
添加標簽
沒有標簽, 成為第一個標記此記錄!
|
| Thư viện lưu trữ: | Trung tâm Thư viện - Trường Đại học Công nghiệp TP. Hồ Chí Minh |
|---|
| LEADER | 00521nam a2200157Ia 4500 | ||
|---|---|---|---|
| 001 | UIH_05386 | ||
| 008 | 231011s9999 xx 000 0 und d | ||
| 082 | |a 613.2 | ||
| 100 | |a Williams, Melvin H | ||
| 245 | 0 | |a Nutrition for health, fitness, & sport | |
| 245 | 0 | |c Williams, Melvin H | |
| 260 | |b McGraw-Hill | ||
| 260 | |c 2017 | ||
| 650 | |a Nutrition; Dinh dưỡng; Physical fitness; Sports; | ||
| 927 | |a Sách | ||
| 980 | |a Trung tâm Thư viện - Trường Đại học Công nghiệp TP. Hồ Chí Minh | ||